000 00511nam a22001697a 4500
005 20251108165305.0
008 250721s1983 xx 000 0 ara d
082 1 4 _a923.162/جما
100 1 _aسلماوي، محمد
245 1 0 _aالصورة الجماهيرية لجمال عبد الناصر /
264 1 _aالقاهرة :
_bدار الموقف العربي،
_c1983.
300 _a63ص
650 1 7 _aالتراجم
650 1 7 _aالملوك و الحكام
942 _2ddc
_cBK
999 _c24283
_d24283